<?xml version="1.0" encoding="UTF-8"?>
<record
    xmlns:xsi="http://www.w3.org/2001/XMLSchema-instance"
    xsi:schemaLocation="http://www.loc.gov/MARC21/slim http://www.loc.gov/standards/marcxml/schema/MARC21slim.xsd"
    xmlns="http://www.loc.gov/MARC21/slim">

  <leader>00797nac a22002051u 4500</leader>
  <controlfield tag="008">100721s        xxu|||||r|||| 001 0 ara d</controlfield>
  <datafield tag="082" ind1=" " ind2=" ">
    <subfield code="b">&#x633; &#x64A; &#x644;</subfield>
    <subfield code="a">220.9</subfield>
    <subfield code="2">22</subfield>
  </datafield>
  <datafield tag="100" ind1=" " ind2=" ">
    <subfield code="a">&#x633;&#x64A;&#x644; &#x60C; &#x643;&#x627;&#x646;&#x648;&#x646;</subfield>
    <subfield code="9">16594</subfield>
  </datafield>
  <datafield tag="245" ind1=" " ind2=" ">
    <subfield code="a">/&#x62A;&#x637;&#x648;&#x631; &#x627;&#x644;&#x642;&#x631;&#x622;&#x646; &#x627;&#x644;&#x62A;&#x627;&#x631;&#x64A;&#x62E;&#x64A;</subfield>
    <subfield code="c">&#x643;&#x627;&#x646;&#x648;&#x646; &#x633;&#x644; &#x61B; &#x62A;&#x631;&#x62C;&#x645;&#x629; &#x645;&#x627;&#x644;&#x643; &#x645;&#x633;&#x644;&#x645;&#x627;&#x646;&#x64A;</subfield>
  </datafield>
  <datafield tag="260" ind1=" " ind2=" ">
    <subfield code="a">{&#x62F;.&#x645;}</subfield>
    <subfield code="b">{&#x62F;.&#x646;} &#x60C;</subfield>
    <subfield code="c">2005</subfield>
  </datafield>
  <datafield tag="300" ind1=" " ind2=" ">
    <subfield code="a">141&#x635;&#x61B;</subfield>
    <subfield code="c">24 &#x633;&#x645;</subfield>
  </datafield>
  <datafield tag="500" ind1=" " ind2=" ">
    <subfield code="a">&#x64A;&#x62D;&#x62A;&#x648;&#x64A; &#x639;&#x644;&#x649; &#x635;&#x641;&#x62D;&#x629; &#x639;&#x646;&#x648;&#x627;&#x646; &#x628;&#x627;&#x644;&#x644;&#x63A;&#x629; &#x627;&#x644;&#x623;&#x646;&#x62C;&#x644;&#x64A;&#x632;&#x64A;&#x629;</subfield>
  </datafield>
  <datafield tag="511" ind1=" " ind2=" ">
    <subfield code="a">Catalogued by: Sara</subfield>
  </datafield>
  <datafield tag="538" ind1=" " ind2=" ">
    <subfield code="a">&#x623;&#x644;&#x641; &#x628;&#x627;&#x621; ;</subfield>
    <subfield code="u">&#x634;&#x631;&#x627;&#x621; ;</subfield>
  </datafield>
  <datafield tag="541" ind1=" " ind2=" ">
    <subfield code="a">&#x623;&#x644;&#x641; &#x628;&#x627;&#x621;&#x61B;</subfield>
    <subfield code="c">&#x634;&#x631;&#x627;&#x621; &#x61B;</subfield>
  </datafield>
  <datafield tag="650" ind1=" " ind2=" ">
    <subfield code="a">&#x627;&#x644;&#x642;&#x631;&#x622;&#x646;</subfield>
    <subfield code="9">16601</subfield>
    <subfield code="x">&#x632;&#x645;&#x646; &#x627;&#x644;&#x646;&#x632;&#x648;&#x644;</subfield>
  </datafield>
  <datafield tag="650" ind1=" " ind2=" ">
    <subfield code="a">&#x627;&#x644;&#x642;&#x631;&#x622;&#x646;</subfield>
    <subfield code="9">16017</subfield>
    <subfield code="x">&#x62A;&#x627;&#x631;&#x64A;&#x62E;</subfield>
  </datafield>
  <datafield tag="650" ind1=" " ind2=" ">
    <subfield code="a">&#x627;&#x644;&#x642;&#x631;&#x622;&#x646;</subfield>
    <subfield code="9">16804</subfield>
    <subfield code="x">&#x62A;&#x631;&#x62A;&#x64A;&#x628; &#x627;&#x644;&#x646;&#x632;&#x648;&#x644;</subfield>
  </datafield>
  <datafield tag="942" ind1=" " ind2=" ">
    <subfield code="c">BB</subfield>
    <subfield code="k">220.9 &#x633; &#x64A; &#x644;</subfield>
    <subfield code="2">ddc</subfield>
  </datafield>
  <datafield tag="999" ind1=" " ind2=" ">
    <subfield code="c">6755</subfield>
    <subfield code="d">6755</subfield>
  </datafield>
  <datafield tag="952" ind1=" " ind2=" ">
    <subfield code="0">0</subfield>
    <subfield code="1">0</subfield>
    <subfield code="2">ddc</subfield>
    <subfield code="4">0</subfield>
    <subfield code="7">0</subfield>
    <subfield code="8">Alef-Baa</subfield>
    <subfield code="a">MAIN</subfield>
    <subfield code="b">MAIN</subfield>
    <subfield code="c">LOW</subfield>
    <subfield code="d">2010-07-21</subfield>
    <subfield code="e">purchase</subfield>
    <subfield code="o">220.9 &#x633;&#x64A;&#x644;</subfield>
    <subfield code="p">000008416</subfield>
    <subfield code="r">2025-07-15 00:00:00</subfield>
    <subfield code="s">2017-02-28</subfield>
    <subfield code="y">BB</subfield>
  </datafield>
</record>
